| Art - Music/Opera | 7 | 10.00 | 57% | 0% | 43% |
| Art - Other | 4 | 10.00 | 25% | 50% | 25% |
| Art - Painting/Sculpture | 8 | 16.25 | 50% | 100% | 13% |
| Art - Visual | 4 | 7.50 | 0% | 25% | 50% |
| Current Events/Modern World - Mixed/Any | 1 | 10.00 | 100% | 0% | 0% |
| Current Events/Modern World - Western social | 1 | 10.00 | 0% | 100% | 0% |
| Geography - Europe | 1 | 20.00 | 0% | 100% | 100% |
| Geography - Mixed/any | 1 | 20.00 | 100% | 0% | 100% |
| History - American | 2 | 15.00 | 100% | 50% | 0% |
| History - European | 3 | 16.67 | 33% | 67% | 67% |
| History - Other | 5 | 14.00 | 80% | 40% | 20% |
| History - World | 7 | 12.86 | 43% | 57% | 29% |
| Literature - American any | 1 | 20.00 | 100% | 100% | 0% |
| Literature - American long fiction | 1 | 20.00 | 0% | 100% | 100% |
| Literature - American poetry | 2 | 25.00 | 100% | 100% | 50% |
| Literature - British drama | 1 | 10.00 | 0% | 100% | 0% |
| Literature - British long fiction | 3 | 13.33 | 100% | 0% | 33% |
| Literature - British poetry | 2 | 20.00 | 100% | 50% | 50% |
| Literature - European any | 2 | 15.00 | 50% | 100% | 0% |
| Literature - European drama | 1 | 20.00 | 100% | 100% | 0% |
| Literature - European long fiction | 3 | 10.00 | 0% | 33% | 67% |
| Literature - European poetry | 2 | 5.00 | 0% | 0% | 50% |
| Literature - World/Misc any | 2 | 10.00 | 0% | 50% | 50% |
| Literature - World/Misc long fiction | 1 | 10.00 | 100% | 0% | 0% |
| Literature - World/Misc poetry | 2 | 10.00 | 50% | 0% | 50% |
| Literature - World/Misc short fiction | 1 | 10.00 | 100% | 0% | 0% |
| Mythology - Americas | 1 | 10.00 | 0% | 100% | 0% |
| Mythology - Egyptian | 2 | 10.00 | 50% | 50% | 0% |
| Mythology - Greco/Roman | 3 | 16.67 | 67% | 33% | 67% |
| Mythology - Mixed/Any | 3 | 13.33 | 67% | 33% | 33% |
| Mythology - Norse | 1 | 10.00 | 0% | 0% | 100% |
| Other Academic/Cross-Category - Any | 3 | 10.00 | 33% | 0% | 67% |
| Philosophy - 20th century | 1 | 10.00 | 0% | 0% | 100% |
| Philosophy - Ancient | 1 | 20.00 | 100% | 100% | 0% |
| Philosophy - Enlightenment | 1 | 10.00 | 0% | 100% | 0% |
| Philosophy - Mixed/Any | 2 | 10.00 | 0% | 50% | 50% |
| Religion - Buddhism | 1 | 10.00 | 0% | 0% | 100% |
| Religion - Christianity/Judaism | 3 | 20.00 | 33% | 100% | 67% |
| Religion - Islam | 2 | 10.00 | 0% | 0% | 100% |
| Religion - Mixed/Any | 1 | 20.00 | 100% | 100% | 0% |
| Science - Biology | 5 | 6.00 | 40% | 20% | 0% |
| Science - Chemistry | 5 | 14.00 | 20% | 40% | 80% |
| Science - Compsci | 1 | 10.00 | 100% | 0% | 0% |
| Science - Earth | 1 | 30.00 | 100% | 100% | 100% |
| Science - Other | 2 | 20.00 | 100% | 50% | 50% |
| Science - Physics | 8 | 13.75 | 63% | 38% | 38% |
| Social Science - Anthropology | 1 | 20.00 | 0% | 100% | 100% |
| Social Science - Economics | 1 | 0.00 | 0% | 0% | 0% |
| Social Science - Psychology | 2 | 10.00 | 0% | 0% | 100% |